[Event "European Individual Championship"]
[Site "Plovdiv BUL"]
[Date "2008.04.24"]
[EventDate "2008.04.21"]
[Round "4"]
[Result "1-0"]
[White "Maxim Rodshtein"]
[Black "Bojan Vuckovic"]
[WhiteElo "2626"]
[BlackElo "2556"]
[PlyCount "77"]

1. e4 c5 2. Nf3 Nc6 3. Bb5 d6 4. O-O Bd7 5. Re1 Nf6 6. c3 a6
7. Ba4 c4 8. Bc2 e5 9. b3 cxb3 10. axb3 Bg4 11. h3 Bh5 12. d3
Be7 13. Nbd2 O-O 14. g4 Bg6 15. Nc4 Re8 16. Be3 h5 17. Nh4 d5
18. Nxg6 fxg6 19. exd5 Nxd5 20. gxh5 Bg5 21. Qg4 Bxe3 22. Nxe3
gxh5 23. Qe4 Nce7 24. d4 Rc8 25. Qd3 Nf4 26. Qh7+ Kf8 27. dxe5
Rc6 28. Rad1 Qc8 29. Rd4 Nxh3+ 30. Kf1 Rh6 31. Qe4 Ng5
32. Qf4+ Nf7 33. Nf5 Re6 34. Nd6 Rxd6 35. exd6 Nc6 36. d7
Rxe1+ 37. Kxe1 Qd8 38. Bg6 Qe7+ 39. Kf1 1-0

[Event "European Individual Championship"]
[Site "Plovdiv BUL"]
[Date "2008.04.25"]
[EventDate "2008.04.21"]
[Round "5"]
[Result "1/2-1/2"]
[White "Dmitry Andreikin"]
[Black "Maxim Rodshtein"]
[WhiteElo "2580"]
[BlackElo "2626"]
[PlyCount "41"]

1. e4 c5 2. Nf3 d6 3. Nc3 Nf6 4. e5 dxe5 5. Nxe5 a6 6. g3 Qc7
7. d4 e6 8. Nc4 b5 9. Bg2 bxc4 10. Bxa8 Qa7 11. Bg2 cxd4
12. Ne4 Be7 13. c3 Bb7 14. Nxf6+ Bxf6 15. Qa4+ Nd7 16. O-O
Bxg2 17. Kxg2 Qb7+ 18. f3 dxc3 19. Rb1 O-O 20. Qxc4 h6 21. h4
1/2-1/2

[Event "European Individual Championship"]
[Site "Plovdiv BUL"]
[Date "2008.04.26"]
[EventDate "2008.04.21"]
[Round "6"]
[Result "1/2-1/2"]
[White "Maxim Rodshtein"]
[Black "Dmitry Bocharov"]
[WhiteElo "2626"]
[BlackElo "2569"]
[PlyCount "95"]

1. d4 Nf6 2. c4 e6 3. Nf3 b6 4. g3 Bb4+ 5. Bd2 a5 6. Bg2 Bb7
7. O-O O-O 8. Nc3 d6 9. Qc2 Nbd7 10. Rfe1 Bxc3 11. Bxc3 Be4
12. Qc1 c6 13. b3 b5 14. Nd2 Bxg2 15. Kxg2 b4 16. Bb2 c5
17. a4 cxd4 18. Bxd4 e5 19. Bb2 Nc5 20. Qc2 Nfd7 21. Rad1 f5
22. Nf1 Qf6 23. f3 f4 24. gxf4 Qxf4 25. Ng3 Rf6 26. Bc1 Qh4
27. Kh1 Raf8 28. Rg1 Qh3 29. Be3 Rg6 30. Qb1 Qe6 31. Ne4 Rxg1+
32. Bxg1 Nxe4 33. Qxe4 Nf6 34. Qd3 Rd8 35. Bb6 e4 36. fxe4 Re8
37. Bxa5 Nxe4 38. Bb6 Nc3 39. Rf1 d5 40. Bd4 Nxe2 41. c5 h6
42. a5 Re7 43. a6 Nxd4 44. Qxd4 Qxa6 45. Qxd5+ Kh7 46. Rc1 Qe2
47. c6 Qe3 48. Rd1 1/2-1/2

[Event "European Individual Championship"]
[Site "Plovdiv BUL"]
[Date "2008.04.27"]
[EventDate "2008.04.21"]
[Round "7"]
[Result "1/2-1/2"]
[White "Nidjat Mamedov"]
[Black "Maxim Rodshtein"]
[WhiteElo "2577"]
[BlackElo "2626"]
[PlyCount "108"]

1. e4 c6 2. d4 d5 3. e5 Bf5 4. Nf3 e6 5. Be2 c5 6. Be3 cxd4
7. Nxd4 Ne7 8. Bg5 Qd7 9. Bxe7 Bxe7 10. Nxf5 exf5 11. Bf3 Qb5
12. Qxd5 Qxb2 13. O-O Nc6 14. Nd2 Rd8 15. Qb3 Qxb3 16. Nxb3
Kd7 17. Rfd1+ Kc7 18. Bxc6 bxc6 19. f4 Rxd1+ 20. Rxd1 Rb8
21. Kf1 Rb6 22. c4 Rb4 23. Rc1 g6 24. Rc2 Kb6 25. Ke2 a5
26. Kd3 Bc5 27. Nd2 Ka6 28. Nb3 Kb6 29. Nd2 Kc7 30. Nb3 Bg1
31. g3 a4 32. Nd4 Bxd4 33. Kxd4 Kb6 34. Re2 Rb1 35. h3 Rd1+
36. Kc3 Rg1 37. e6 Rxg3+ 38. Kb4 fxe6 39. Rxe6 Rxh3 40. c5+
Kc7 41. Re7+ Kd8 42. Rg7 a3 43. Ka5 Rb3 44. Rxh7 Rb5+ 45. Ka4
Rxc5 46. Rg7 Rc4+ 47. Kxa3 Rxf4 48. Rxg6 Kc7 49. Rf6 Rf1
50. Kb4 Kd7 51. a4 f4 52. Kc5 Ke7 53. Rf5 Ke6 54. Rf8 Ke7
1/2-1/2

[Event "European Individual Championship"]
[Site "Plovdiv BUL"]
[Date "2008.04.29"]
[EventDate "2008.04.21"]
[Round "8"]
[Result "1-0"]
[White "Maxim Rodshtein"]
[Black "Jan Markos"]
[WhiteElo "2626"]
[BlackElo "2565"]
[PlyCount "75"]

1. d4 Nf6 2. c4 g6 3. Nc3 Bg7 4. e4 d6 5. Be2 O-O 6. Nf3 e5
7. O-O Nc6 8. d5 Ne7 9. Nd2 a5 10. a3 Nd7 11. Rb1 f5 12. b4
axb4 13. axb4 Bh6 14. c5 Nf6 15. f3 Be3+ 16. Kh1 fxe4 17. fxe4
dxc5 18. bxc5 Bxc5 19. Nc4 Ng4 20. Bxg4 Bxg4 21. Qd3 Rxf1+
22. Qxf1 Qf8 23. Qd3 Qf6 24. Be3 Bxe3 25. Nxe3 Bd7 26. h3 Rf8
27. Qc4 Qd6 28. Rxb7 Rc8 29. Qd3 Ra8 30. Nc4 Ra1+ 31. Nb1 Qa6
32. Rxc7 Qb5 33. Kh2 Rxb1 34. Rxd7 Rb3 35. Rd8+ Kg7 36. Qf1
Kh6 37. Qf8+ Kh5 38. g4+ 1-0

[Event "European Individual Championship"]
[Site "Plovdiv BUL"]
[Date "2008.04.30"]
[EventDate "2008.04.21"]
[Round "9"]
[Result "1/2-1/2"]
[White "Ioannis Papaioannou"]
[Black "Maxim Rodshtein"]
[WhiteElo "2566"]
[BlackElo "2626"]
[PlyCount "52"]

1. d4 Nf6 2. Nf3 g6 3. Bg5 Bg7 4. Nbd2 O-O 5. c3 d5 6. e3 b6
7. Be2 c5 8. O-O Bb7 9. b4 cxb4 10. cxb4 Nc6 11. b5 Na5
12. Rc1 Ne4 13. Nxe4 dxe4 14. Nd2 Bd5 15. Qc2 Rc8 16. Qb1 f6
17. Bf4 g5 18. Bg3 f5 19. f4 h6 20. Rxc8 Qxc8 21. Rc1 Qe6
22. a3 Rc8 23. Rc2 g4 24. Qc1 Rxc2 25. Qxc2 Qd7 26. Be1 e6
1/2-1/2

[Event "European Individual Championship"]
[Site "Plovdiv BUL"]
[Date "2008.05.01"]
[EventDate "2008.04.21"]
[Round "10"]
[Result "0-1"]
[White "Maxim Rodshtein"]
[Black "Tomi Nyback"]
[WhiteElo "2626"]
[BlackElo "2587"]
[PlyCount "80"]

1. Nf3 d5 2. d4 Nf6 3. c4 c6 4. Nc3 e6 5. Bg5 h6 6. Bh4 dxc4
7. e4 g5 8. Bg3 b5 9. Ne5 Bb7 10. h4 g4 11. Nxg4 Nxg4 12. Qxg4
Qxd4 13. Be2 Na6 14. O-O Nc5 15. Qh5 Rg8 16. Be5 Qd7 17. Rfd1
Nd3 18. Bxd3 cxd3 19. Qf3 Rd8 20. Rd2 c5 21. a4 b4 22. Nb5 f5
23. Nc7+ Ke7 24. Qe3 Kf7 25. f3 Bg7 26. exf5 exf5 27. Bxg7
Rxg7 28. Qxc5 Kg8 29. Nb5 a6 30. Rad1 Qc6 31. Qxf5 axb5
32. Rxd3 Rxd3 33. Rxd3 Qb6+ 34. Kh1 bxa4 35. Qe5 Qg6 36. Qe2
Ba6 37. Rd8+ Kh7 38. Qd2 a3 39. bxa3 bxa3 40. g4 Qb1+ 0-1

[Event "European Individual Championship"]
[Site "Plovdiv BUL"]
[Date "2008.05.02"]
[EventDate "2008.04.21"]
[Round "11"]
[Result "1-0"]
[White "Maxim Rodshtein"]
[Black "Mircea-Emilian Parligras"]
[WhiteElo "2626"]
[BlackElo "2561"]
[PlyCount "69"]

1. d4 Nf6 2. c4 e6 3. Nf3 c5 4. d5 b5 5. dxe6 fxe6 6. cxb5 d5
7. Nc3 Nbd7 8. e4 d4 9. e5 Ng4 10. Ng5 Ndxe5 11. f4 Be7
12. fxe5 dxc3 13. Qxd8+ Bxd8 14. bxc3 Bc7 15. Bc4 Bxe5 16. Bd2
Ke7 17. Be2 Nf6 18. O-O h6 19. Nf3 Bd6 20. c4 Bb7 21. Bc3 Rhd8
22. Nh4 Be4 23. a4 e5 24. Rae1 Rab8 25. Bf3 Bd3 26. Bxe5 Kf8
27. Bxf6 gxf6 28. Be2 Bxe2 29. Rxf6+ Kg7 30. Rxd6 Rxd6
31. Nf5+ Kf6 32. Nxd6 Bd3 33. Re3 Bc2 34. a5 Rd8 35. Ne4+ 1-0

[Event "World Junior Championship"]
[Site "Gaziantep TUR"]
[Date "2008.08.03"]
[EventDate "2008.08.03"]
[Round "1.2"]
[Result "1/2-1/2"]
[White "Kore Akshayraj"]
[Black "Maxim Rodshtein"]
[WhiteElo "2392"]
[BlackElo "2605"]
[PlyCount "109"]

1. e4 e6 2. d4 d5 3. Nc3 Nf6 4. Bd3 dxe4 5. Nxe4 Nbd7 6. Nf3
Nxe4 7. Bxe4 Nf6 8. Bd3 c5 9. O-O cxd4 10. Qe2 Be7 11. b3 O-O
12. Bb2 b6 13. Rad1 Bb7 14. Bxd4 Qc7 15. Ne5 Rad8 16. Bb2 Ba8
17. f4 g6 18. Kh1 Bc5 19. Bc4 Rxd1 20. Rxd1 Rd8 21. Rf1 Bd4
22. Nxf7 Kxf7 23. c3 Bc5 24. f5 Kg7 25. Bxe6 Qc6 26. b4 Be3
27. c4 Qxg2+ 28. Qxg2 Bxg2+ 29. Kxg2 Rd2+ 30. Kf3 Rxb2
31. Kxe3 Rxb4 32. fxg6 hxg6 33. Rf2 Ra4 34. Kd4 Ra3 35. Bd5 g5
36. Be6 Ra5 37. Bd5 Kg6 38. Rg2 Ra3 39. Be6 Rf3 40. a4 Nh5
41. Bd5 Rh3 42. Ke5 Nf4 43. Be4+ Kh5 44. Rg1 Rxh2 45. Kf5 Nh3
46. Bf3+ Kh6 47. Rd1 Rf2 48. Rd6+ Kg7 49. Rd7+ Kf8 50. Kg4 Nf4
51. Rxa7 Rc2 52. Rc7 Ne6 53. Rc6 Nd4 54. Rc7 Nxf3 55. Kxf3
1/2-1/2

[Event "World Junior Championship"]
[Site "Gaziantep TUR"]
[Date "2008.08.04"]
[EventDate "2008.08.03"]
[Round "2.26"]
[Result "1-0"]
[White "Maxim Rodshtein"]
[Black "Pavel Vavric"]
[WhiteElo "2605"]
[BlackElo "2218"]
[PlyCount "83"]

1. e4 c5 2. Nf3 Nc6 3. Bb5 g6 4. Bxc6 dxc6 5. d3 Bg4 6. Nbd2
Bg7 7. O-O e5 8. Nc4 Qe7 9. a3 Bxf3 10. Qxf3 Nf6 11. b4 Nd7
12. bxc5 O-O 13. Bd2 Nxc5 14. Bb4 Rfd8 15. a4 Bf8 16. Qe3 b6
17. Bxc5 bxc5 18. Qd2 Rdb8 19. Qc3 Bg7 20. Rfb1 Rb4 21. Na5
Rb6 22. g3 Rab8 23. Rxb6 Rxb6 24. Kg2 h5 25. h4 Kh7 26. Qc4
Bf8 27. Qa2 Kg8 28. Rb1 Qc7 29. Nc4 Rb7 30. c3 Rb8 31. Rb3 Rd8
32. Qb1 Rd7 33. a5 a6 34. Rb6 f5 35. Rxa6 Rg7 36. Ra8 g5
37. hxg5 f4 38. Qb8 f3+ 39. Kxf3 Qf7+ 40. Ke2 Rxg5 41. a6 h4
42. Qxf8+ 1-0

[Event "World Junior Championship"]
[Site "Gaziantep TUR"]
[Date "2008.08.04"]
[EventDate "2008.08.03"]
[Round "3.9"]
[Result "1/2-1/2"]
[White "Maxim Rodshtein"]
[Black "Roman Nechepurenko"]
[WhiteElo "2605"]
[BlackElo "2476"]
[PlyCount "36"]

1. Nf3 Nf6 2. c4 g6 3. Nc3 d5 4. cxd5 Nxd5 5. Qa4+ Bd7 6. Qb3
Nb6 7. d4 Be6 8. Qc2 Bg7 9. e4 O-O 10. Bf4 c6 11. Qd2 N8d7
12. Bh6 Bg4 13. Bxg7 Kxg7 14. Qf4 Bxf3 15. Qxf3 e5 16. O-O-O
exd4 17. Rxd4 Qg5+ 18. Rd2 Rad8 1/2-1/2

[Event "World Junior Championship"]
[Site "Gaziantep TUR"]
[Date "2008.08.05"]
[EventDate "2008.08.03"]
[Round "4.11"]
[Result "0-1"]
[White "Deep Sengupta"]
[Black "Maxim Rodshtein"]
[WhiteElo "2454"]
[BlackElo "2605"]
[PlyCount "58"]

1. e4 c6 2. c4 d5 3. exd5 cxd5 4. cxd5 Nf6 5. Qa4+ Nbd7 6. Nc3
g6 7. Nf3 Bg7 8. Bc4 O-O 9. d3 a6 10. Qa3 b6 11. O-O Bb7
12. Re1 Re8 13. Ng5 Rc8 14. Be3 Ng4 15. Qb4 Nxe3 16. fxe3 Ne5
17. Rad1 e6 18. Nxf7 Qh4 19. Nxe5 Bxe5 20. g3 Bxg3 21. Re2 Be5
22. d4 b5 23. Bb3 Bb8 24. Rg2 Rf8 25. e4 Rf3 26. d6 Rcf8
27. Bxe6+ Kh8 28. Qc5 Qf6 29. Qe5 Qxe5 0-1

[Event "World Junior Championship"]
[Site "Gaziantep TUR"]
[Date "2008.08.06"]
[EventDate "2008.08.03"]
[Round "5.4"]
[Result "1/2-1/2"]
[White "Maxim Rodshtein"]
[Black "Manuel Leon Hoyos"]
[WhiteElo "2605"]
[BlackElo "2543"]
[PlyCount "89"]

1. d4 Nf6 2. c4 e6 3. Nc3 c5 4. d5 exd5 5. cxd5 d6 6. Nf3 g6
7. g3 Bg7 8. Bg2 O-O 9. O-O b6 10. Re1 Re8 11. Qc2 Ba6 12. e4
Nbd7 13. Bf4 Qb8 14. a4 Ng4 15. Nb5 Nde5 16. Nd2 Qd8 17. Nf1
Qd7 18. h3 Nf6 19. Bxe5 Rxe5 20. Ne3 Re7 21. Nc4 Ne8 22. f4
Bxb5 23. axb5 Bd4+ 24. Kh2 Qxb5 25. e5 Rd8 26. e6 fxe6 27. f5
gxf5 28. Rxe6 Rf7 29. Rf1 Qd7 30. Rxf5 b5 31. Na5 Ng7 32. Rxf7
Qxf7 33. Nc6 Rf8 34. Rxd6 Nf5 35. Qxf5 Qxf5 36. Ne7+ Kg7
37. Nxf5+ Rxf5 38. b3 Be5 39. Ra6 Rg5 40. Rxa7+ Kf6 41. Ra6+
Kf5 42. Re6 Bxg3+ 43. Kg1 Be5 44. Kf2 Rg6 45. Bf1 1/2-1/2

[Event "World Junior Championship"]
[Site "Gaziantep TUR"]
[Date "2008.08.07"]
[EventDate "2008.08.03"]
[Round "6.5"]
[Result "1-0"]
[White "Maxim Rodshtein"]
[Black "Lin Chen"]
[WhiteElo "2605"]
[BlackElo "2417"]
[PlyCount "59"]

1. d4 Nf6 2. c4 g6 3. Nc3 Bg7 4. e4 d6 5. Be2 O-O 6. Nf3 Nbd7
7. O-O e5 8. Qc2 c6 9. d5 c5 10. Bg5 h6 11. Bd2 Ne8 12. g3 Kh7
13. Rab1 Nc7 14. a3 a5 15. Nh4 h5 16. Ng2 b6 17. f4 exf4
18. gxf4 Nf6 19. Kh1 Bh3 20. Qd3 Bg4 21. Bxg4 Nxg4 22. h3 Nf6
23. Rbe1 Nd7 24. e5 dxe5 25. f5 Nf6 26. fxg6+ fxg6 27. Nh4 e4
28. Qg3 Nce8 29. Qxg6+ Kh8 30. Nxe4 1-0

[Event "World Junior Championship"]
[Site "Gaziantep TUR"]
[Date "2008.08.08"]
[EventDate "2008.08.03"]
[Round "7.3"]
[Result "1/2-1/2"]
[White "Ivan Popov"]
[Black "Maxim Rodshtein"]
[WhiteElo "2549"]
[BlackElo "2605"]
[PlyCount "83"]

1. e4 c6 2. d4 d5 3. e5 Bf5 4. Nd2 e6 5. Nb3 Ne7 6. Nf3 Nd7
7. Be2 Nc8 8. O-O Be7 9. c3 O-O 10. Ne1 Ncb6 11. g4 Bg6 12. f4
f6 13. Nd3 fxe5 14. fxe5 Rxf1+ 15. Bxf1 Bg5 16. Ndc5 Nxc5
17. Nxc5 Bxc1 18. Qxc1 Qe7 19. Qe3 Rf8 20. Be2 Nc4 21. Bxc4
dxc4 22. Rf1 Rxf1+ 23. Kxf1 b6 24. Ne4 Qh4 25. Qg3 Qh6 26. g5
Qh5 27. Nf2 Bd3+ 28. Kg2 Qe2 29. Qg4 Qf1+ 30. Kg3 Kf7 31. Qf3+
Kg6 32. Kh4 Qe2 33. Qxe2 Bxe2 34. Ne4 a5 35. Nd6 b5 36. a3 a4
37. Ne8 Bf3 38. Kg3 Bd5 39. Kg4 h6 40. gxh6 gxh6 41. Nf6 Kg7
42. Kf4 1/2-1/2

[Event "World Junior Championship"]
[Site "Gaziantep TUR"]
[Date "2008.08.10"]
[EventDate "2008.08.03"]
[Round "8.4"]
[Result "1-0"]
[White "Maxim Rodshtein"]
[Black "Ante Brkic"]
[WhiteElo "2605"]
[BlackElo "2530"]
[PlyCount "51"]

1. d4 d5 2. c4 e6 3. Nf3 Nf6 4. Nc3 c6 5. Bg5 dxc4 6. e4 b5
7. e5 h6 8. Bh4 g5 9. Nxg5 hxg5 10. Bxg5 Nbd7 11. exf6 Bb7
12. g3 c5 13. d5 Nxf6 14. Bg2 Bh6 15. Bxf6 Qxf6 16. O-O O-O-O
17. Nxb5 a6 18. Nc3 exd5 19. Na4 Bf8 20. Rc1 Kb8 21. b3 Ka7
22. Qc2 Bd6 23. bxc4 Rh4 24. Rb1 Ba8 25. Nb6 Rdh8 26. Qb3 1-0

[Event "World Junior Championship"]
[Site "Gaziantep TUR"]
[Date "2008.08.11"]
[EventDate "2008.08.03"]
[Round "9.1"]
[Result "0-1"]
[White "Li Chao"]
[Black "Maxim Rodshtein"]
[WhiteElo "2590"]
[BlackElo "2605"]
[PlyCount "100"]

1. e4 c6 2. d4 d5 3. e5 Bf5 4. Nf3 e6 5. Be2 Ne7 6. Nbd2 Bg6
7. O-O Nf5 8. Nb3 Nd7 9. a4 Be7 10. g4 Nh6 11. h3 O-O 12. Be3
Kh8 13. Qd2 Ng8 14. Ne1 f6 15. f4 fxe5 16. dxe5 c5 17. c4 d4
18. Bf2 Bh4 19. Bxh4 Qxh4 20. Kh2 Qd8 21. Bf3 Qc7 22. Ng2 Ne7
23. Kh1 h6 24. Rf2 Rab8 25. Nc1 b6 26. Ne2 a6 27. Rc1 Bh7
28. Ng3 Qa7 29. Re1 b5 30. axb5 axb5 31. cxb5 Rxb5 32. f5 exf5
33. gxf5 Rb3 34. f6 gxf6 35. exf6 Ng8 36. f7 Rxf7 37. Bd5 Rd3
38. Qxd3 Rxf2 39. Ne4 Ndf6 40. Qg3 Bxe4 41. Bxe4 Nxe4 42. Rxe4
Rf5 43. Qd6 Qa8 44. Rg4 Qd5 45. Qxd5 Rxd5 46. Nf4 Rf5 47. Ne2
Ne7 48. Kg1 Nd5 49. Rg3 Ne3 50. Kh1 Rf2 0-1

[Event "World Junior Championship"]
[Site "Gaziantep"]
[Date "2008.08.12"]
[EventDate "2008.08.03"]
[Round "10.1"]
[Result "1-0"]
[White "Maxim Rodshtein"]
[Black "Arik Braun"]
[WhiteElo "2605"]
[BlackElo "2533"]
[PlyCount "59"]

1. d4 d5 2. Nf3 Nf6 3. c4 c6 4. Nc3 a6 5. a4 e6 6. g3 dxc4
7. Bg2 c5 8. dxc5 Qxd1+ 9. Nxd1 Nc6 10. Ne3 Bxc5 11. Nxc4 Ke7
12. O-O Bd7 13. Nfe5 Nxe5 14. Nxe5 Ra7 15. Nd3 Bd4 16. e3 Bb6
17. b3 Rc8 18. Ba3+ Ke8 19. Rfc1 Bd8 20. Ne5 Be7 21. Bb2 b6
22. Rxc8+ Bxc8 23. Rc1 Bd7 24. Bd4 Bd8 25. a5 Nd5 26. Nc4 Ke7
27. e4 Nf6 28. axb6 Ra8 29. Bc5+ Ke8 30. b7 1-0

[Event "World Junior Championship"]
[Site "Gaziantep"]
[Date "2008.08.13"]
[EventDate "2008.08.03"]
[Round "11.1"]
[Result "1-0"]
[White "Ngoc Truongson Nguyen"]
[Black "Maxim Rodshtein"]
[WhiteElo "2579"]
[BlackElo "2605"]
[PlyCount "57"]

1. Nf3 Nf6 2. c4 c6 3. d4 d5 4. e3 Bf5 5. Nc3 e6 6. Nh4 Bg6
7. Be2 Nbd7 8. O-O Bd6 9. g3 dxc4 10. Nxg6 hxg6 11. Bxc4 Nb6
12. Bb3 e5 13. Qf3 Qe7 14. dxe5 Bxe5 15. Rd1 O-O 16. Bd2 Nbd7
17. Be1 Nc5 18. Bc2 a5 19. Rab1 Rfd8 20. Kg2 Qe6 21. h4 a4
22. Nxa4 Rxd1 23. Nxc5 Rxb1 24. Nxe6 Rxe1 25. Ng5 Rxa2
26. Nxf7 Bc7 27. Bxg6 Ra5 28. Ng5 Bd6 29. e4 1-0

[Event "World Junior Championship"]
[Site "Gaziantep"]
[Date "2008.08.14"]
[EventDate "2008.08.03"]
[Round "12.2"]
[Result "0-1"]
[White "Maxim Rodshtein"]
[Black "David Howell"]
[WhiteElo "2605"]
[BlackElo "2561"]
[PlyCount "110"]

1. c4 Nf6 2. Nc3 d5 3. cxd5 Nxd5 4. g3 g6 5. Bg2 Nb6 6. d3 Bg7
7. Be3 Nc6 8. Nf3 O-O 9. O-O e5 10. b4 Nd4 11. Rb1 Bg4 12. Nd2
c6 13. Nb3 Nd5 14. Bxd4 exd4 15. Nxd5 cxd5 16. h3 Bf5 17. Rc1
b6 18. Qd2 Qd6 19. Rc2 Rac8 20. Rfc1 h5 21. a3 Rxc2 22. Rxc2
Bd7 23. Rc1 Re8 24. h4 Kh7 25. Qc2 Qe6 26. Re1 Rc8 27. Qa2 Ba4
28. Qb1 Rc3 29. Nd2 Qc6 30. Qa1 Bf6 31. Nf3 Kg7 32. Ng5 Rc2
33. Qb1 b5 34. Nh3 Be5 35. Ng5 a6 36. Qa1 Bf6 37. Nh3 Bb3
38. Nf4 Be5 39. Kf1 Rc3 40. Qb2 Bxf4 41. gxf4 Qc7 42. f5 gxf5
43. Qd2 f4 44. Qb2 f3 45. Bxf3 Qf4 46. Kg2 Qxh4 47. Rh1 Qg5+
48. Kh2 Kf8 49. Rg1 Qf4+ 50. Kg2 Rc6 51. Kh3 Rc3 52. Kg2 Bc2
53. Qa2 Rc6 54. Qb2 Bxd3 55. Rd1 Rg6+ 0-1

[Event "Euro Club Cup"]
[Site "Kallithea GRE"]
[Date "2008.10.17"]
[EventDate "2008.10.17"]
[Round "1"]
[Result "1/2-1/2"]
[White "Torstein Bae"]
[Black "Maxim Rodshtein"]
[WhiteElo "2404"]
[BlackElo "2609"]
[PlyCount "129"]

1. d4 Nf6 2. c4 g6 3. Nc3 d5 4. cxd5 Nxd5 5. e4 Nxc3 6. bxc3
Bg7 7. Nf3 c5 8. Rb1 O-O 9. Be2 b6 10. O-O Bb7 11. Qd3 e6
12. Bg5 Qc7 13. Qe3 Nd7 14. Rfd1 Rfe8 15. Nd2 Bc6 16. Bh6 Rac8
17. Ba6 Rb8 18. Bd3 Bxh6 19. Qxh6 Qd6 20. Nc4 Qf8 21. Qe3 Red8
22. e5 Rbc8 23. Re1 Rc7 24. Qf4 cxd4 25. cxd4 Bd5 26. Nd6 f6
27. Nb5 Rb7 28. Qg3 fxe5 29. dxe5 Nc5 30. Nd6 Rc7 31. Rbc1
Bxa2 32. Bc4 Bxc4 33. Rxc4 Qh6 34. Rd1 Rf8 35. h3 Kh8 36. Qg4
g5 37. Qe2 Rg7 38. Rcd4 Qg6 39. Rc4 h6 40. Rdd4 Kh7 41. Kh2
Nd7 42. Kg1 Rf4 43. g3 Rxd4 44. Rxd4 Nc5 45. Rd1 Rg8 46. Ra1
Rg7 47. Nc8 Qd3 48. Qe1 Qf5 49. Nxa7 Nd3 50. Qe3 Nxe5 51. Qxb6
Qxh3 52. Qe3 Qf5 53. Nc8 Ng4 54. Qe2 Rf7 55. Ra7 Rxa7 56. Nxa7
Ne5 57. Nb5 g4 58. Nd6 Nf3+ 59. Kg2 Qd5 60. Qc2+ Kg7 61. Qc7+
Kg6 62. Qf7+ Kg5 63. Qg7+ Kh5 64. Qf7+ Kg5 65. Qg7+ 1/2-1/2

[Event "Euro Club Cup"]
[Site "Kallithea GRE"]
[Date "2008.10.18"]
[EventDate "2008.10.17"]
[Round "2"]
[Result "1-0"]
[White "Maxim Rodshtein"]
[Black "Karsten Volke"]
[WhiteElo "2609"]
[BlackElo "2454"]
[PlyCount "63"]

1. d4 Nf6 2. c4 e6 3. Nf3 b6 4. g3 Ba6 5. Qc2 c5 6. d5 exd5
7. cxd5 Bb7 8. Bg2 Nxd5 9. O-O Be7 10. Rd1 Nc6 11. Qf5 Nf6
12. e4 g6 13. Qf4 O-O 14. e5 Nh5 15. Qc4 d5 16. exd6 Bxd6
17. Bh6 Re8 18. Nc3 Na5 19. Qg4 Bc6 20. Ng5 Nf6 21. Qh4 Bxg2
22. Kxg2 Qc7 23. Rd3 Qc6+ 24. Rf3 Be5 25. Rd1 b5 26. Nxf7 Kxf7
27. Ne4 Kg8 28. Nxf6+ Bxf6 29. Qxf6 Qxf6 30. Rxf6 Re7 31. Rd3
Rb8 32. Rdf3 1-0

[Event "Euro Club Cup"]
[Site "Kallithea GRE"]
[Date "2008.10.19"]
[EventDate "2008.10.17"]
[Round "3"]
[Result "1/2-1/2"]
[White "Maxim Rodshtein"]
[Black "Alberto David"]
[WhiteElo "2609"]
[BlackElo "2585"]
[PlyCount "63"]

1. d4 d5 2. c4 e6 3. Nf3 Nf6 4. Nc3 Be7 5. Bf4 O-O 6. Qc2 c5
7. dxc5 Na6 8. e3 Nxc5 9. Be2 dxc4 10. Bxc4 a6 11. a4 b6
12. O-O Bb7 13. Rfd1 Qc8 14. Qe2 Nce4 15. Nxe4 Bxe4 16. Ne5
Bb7 17. Rac1 Qe8 18. b3 Ba3 19. Ra1 Be7 20. Rac1 Ba3 21. Rc2
Bb4 22. Bg3 h6 23. Bd3 Rc8 24. Rdc1 Rxc2 25. Rxc2 Qa8 26. Ng4
Nxg4 27. Qxg4 Rd8 28. Bf1 Bf8 29. Bf4 Be4 30. Rc7 Bf5 31. Qf3
Be4 32. Qg4 1/2-1/2

[Event "Euro Club Cup"]
[Site "Kallithea GRE"]
[Date "2008.10.20"]
[EventDate "2008.10.17"]
[Round "4"]
[Result "1-0"]
[White "Dmitry Jakovenko"]
[Black "Maxim Rodshtein"]
[WhiteElo "2737"]
[BlackElo "2609"]
[PlyCount "87"]

1. Nf3 d5 2. c4 c6 3. d4 Nf6 4. e3 Bf5 5. Nc3 e6 6. Nh4 Bg6
7. Bd2 Nbd7 8. Nxg6 hxg6 9. Qc2 Be7 10. Be2 Qc7 11. h3 O-O
12. O-O dxc4 13. Bxc4 c5 14. dxc5 Nxc5 15. Rac1 Rac8 16. Rfd1
Rfd8 17. Qb1 Qe5 18. Be2 a6 19. Be1 Qf5 20. Bf3 b5 21. b4 Nd3
22. Bg4 Nxg4 23. hxg4 Qxg4 24. Rxd3 Rxd3 25. Qxd3 Bxb4 26. Rb1
Qc4 27. Qxc4 Rxc4 28. Nxb5 Bxe1 29. Nd6 Bxf2+ 30. Kxf2 Rc2+
31. Kf3 f6 32. a4 Rc6 33. Rb8+ Kh7 34. Ne8 Rc4 35. Rb7 Kh6
36. Rxg7 Rxa4 37. Re7 Kg5 38. Rxe6 Ra1 39. Nd6 Kh4 40. Ne4 f5
41. Nc5 Rf1+ 42. Ke2 Rc1 43. Nd3 Rc2+ 44. Kf3 1-0

[Event "Euro Club Cup"]
[Site "Kallithea GRE"]
[Date "2008.10.21"]
[EventDate "2008.10.17"]
[Round "5"]
[Result "1-0"]
[White "Maxim Rodshtein"]
[Black "Igor V Glek"]
[WhiteElo "2609"]
[BlackElo "2512"]
[PlyCount "69"]

1. d4 e6 2. c4 f5 3. g3 Nf6 4. Bg2 d5 5. Nh3 Bd6 6. O-O O-O
7. Qc2 c6 8. Bf4 Bxf4 9. Nxf4 g5 10. Nd3 Ne4 11. e3 Nd7 12. f3
Nd6 13. Nd2 Qf6 14. f4 g4 15. b4 Qe7 16. a4 a6 17. Ne5 Nf6
18. c5 Nde8 19. h3 gxh3 20. Bxh3 Kh8 21. Kf2 Rg8 22. Rh1 Nd7
23. Bg2 Nef6 24. Bf3 Nxe5 25. dxe5 Ne4+ 26. Bxe4 fxe4 27. Nb3
Bd7 28. Rh3 Rg4 29. Rah1 Rag8 30. Nd4 R8g6 31. Qd1 Qg7 32. Qg1
h6 33. Qh2 Kh7 34. Ne2 Qf8 35. Rh5 1-0

[Event "Euro Club Cup"]
[Site "Kallithea GRE"]
[Date "2008.10.22"]
[EventDate "2008.10.17"]
[Round "6"]
[Result "1-0"]
[White "Maxim Rodshtein"]
[Black "Vadim Milov"]
[WhiteElo "2609"]
[BlackElo "2681"]
[PlyCount "97"]

1. d4 d5 2. c4 c6 3. Nf3 Nf6 4. Nc3 a6 5. a4 e6 6. Bg5 Nbd7
7. cxd5 exd5 8. e3 a5 9. Bd3 Be7 10. Qc2 O-O 11. O-O Re8
12. h3 Nf8 13. Rae1 Ne4 14. Bxe7 Qxe7 15. Bxe4 dxe4 16. Nd2 f5
17. f3 exf3 18. Nxf3 Be6 19. e4 fxe4 20. Rxe4 Rad8 21. Qf2 Ng6
22. h4 Qf7 23. h5 Nf8 24. Qh4 Bc4 25. Rfe1 Bd5 26. Re7 Rxe7
27. Rxe7 Qf6 28. Qxf6 gxf6 29. Rxb7 Ne6 30. h6 Bxf3 31. gxf3
f5 32. Ra7 Nxd4 33. Kf2 Rd6 34. Ke3 Nc2+ 35. Kf4 Rxh6 36. Rxa5
Kf7 37. Rxf5+ Ke6 38. Re5+ Kd7 39. Rg5 Nb4 40. Rg7+ Ke6
41. Rb7 Rh2 42. a5 Nd3+ 43. Kg3 Rh1 44. a6 Rg1+ 45. Kh2 Ra1
46. a7 h5 47. b3 Ra6 48. Na4 Ke5 49. Nb6 1-0

[Event "2008 Olympiad"]
[Site "Dresden GER"]
[Date "2008.11.13"]
[EventDate "2008.11.13"]
[Round "1"]
[Result "1-0"]
[White "Maxim Rodshtein"]
[Black "Zigurds Lanka"]
[WhiteElo "2609"]
[BlackElo "2491"]
[PlyCount "95"]

1. d4 Nf6 2. c4 g6 3. Nc3 Bg7 4. e4 d6 5. Be2 O-O 6. Nf3 e5
7. O-O Nc6 8. d5 Ne7 9. b4 a5 10. Ba3 b6 11. bxa5 Nh5 12. Re1
f5 13. Bb4 bxa5 14. Ba3 Nf4 15. Bf1 fxe4 16. Nd2 Nf5 17. Ndxe4
Nd4 18. Kh1 Kh8 19. Nb5 Bf5 20. Nxd4 exd4 21. Qd2 g5 22. Bb2
c5 23. dxc6 d5 24. c7 Qxc7 25. Nxg5 h6 26. Nf3 Bg4 27. Ne5
dxc4 28. Qxd4 Rad8 29. Qxc4 Qb7 30. Qb3 Qxb3 31. axb3 Bh5
32. g3 Ne6 33. f4 Rd2 34. Bc3 Rc2 35. Rac1 Rxc1 36. Rxc1 Rb8
37. Bc4 Nc5 38. g4 Be8 39. Bxa5 Ne4 40. Kg2 Bxe5 41. fxe5 Bc6
42. Kh3 h5 43. Kh4 hxg4 44. Rd1 Rb7 45. Rd8+ Kg7 46. Rg8+ Kh7
47. Rc8 Bd7 48. Bd5 1-0